[Event "CSR-chT"]
[Site "CSR"]
[Date "1992.??.??"]
[Round "?"]
[White "Zhidkov, Valery S"]
[Black "Mista, Ladislav"]
[Result "1-0"]
[WhiteElo "2435"]
[BlackElo "2345"]

1.Nf3 Nf6 2.c4 g6 3.g3 Bg7 4.Bg2 O-O 5.O-O d6 6.d4 Nbd7 7.Qc2 e5 8.Rd1 exd4
9.Nxd4 Re8 10.Nc3 a5 11.e4 Nc5 12.Ndb5 Qe7 13.Bg5 Ne6 14.Nd5 Qd8 15.e5 Nxg5
16.exf6  1-0

[Event "CSR-chT"]
[Site "CSR"]
[Date "1992.??.??"]
[Round "?"]
[White "Znamenacek, Kvetoslav"]
[Black "Szymczak, Zbigniew"]
[Result "0-1"]
[WhiteElo "2335"]
[BlackElo "2325"]

1.Nf3 Nf6 2.c4 g6 3.g3 Bg7 4.Bg2 O-O 5.O-O d5 6.cxd5 Nxd5 7.Nc3 c5 8.Nxd5 Qxd5
9.d3 Nc6 10.Be3 Bxb2 11.Nd4 Qd6 12.Nxc6 bxc6 13.Rb1 Bd4 14.Bf4 Be5 15.Bxe5 Qxe5
16.Bxc6 Bh3 17.Bxa8 Bxf1 18.Kxf1 Rxa8 19.Qb3 Rd8 20.Qb7 a5 21.h4 a4 22.a3 h5
23.Qc6 Qd4 24.Kg2 Kg7 25.Rb5 Rd5 26.e4 Rd6 27.Qxc5 Qxc5 28.Rxc5 Rxd3 29.Ra5 Rxa3
30.Ra6 f6 31.Kf1 Kf7 32.Ke2 Ke8 33.e5 Kf7 34.e6+ Kg7 35.Ra7 f5 36.Rxe7+ Kf6
37.Re8 Rb3 38.e7 Rb7 39.Ra8 Rxe7+ 40.Kf3  0-1

[Event "CSR-chT"]
[Site "CSR"]
[Date "1992.??.??"]
[Round "?"]
[White "Mozny, Milos"]
[Black "Votava, Jan"]
[Result "1-0"]
[WhiteElo "2400"]
[BlackElo "2385"]

1.Nf3 Nf6 2.c4 g6 3.g3 Bg7 4.Bg2 O-O 5.O-O d6 6.d4 Nc6 7.Nc3 Bg4 8.d5 Bxf3
9.exf3 Na5 10.Qd3 c5 11.Bd2 a6 12.b3 Rb8 13.Rab1 Nd7 14.a4 b6 15.Rfe1 Nb7
16.h4 Re8 17.f4 f5 18.h5 Nf6 19.Bf3 Qd7 20.Kg2 Nd8 21.Re2 Nf7 22.Rbe1 Kf8
23.Re6 Nh6 24.hxg6 hxg6 25.Ne2 b5 26.axb5 axb5 27.Ng1 bxc4 28.bxc4 Qa4 29.Nh3 Rb3
30.Qe2 Nhg8 31.Ng5 Bh6 32.Qf1 Qa2 33.Bd1 Rb1 34.Bf3 Rxe1 35.Bxe1 Rb8 36.Bc3 Bg7
37.Re2 Qa3 38.Qe1 Rb3 39.Ba1 Rb7 40.Ne6+ Kf7 41.Nd8+  1-0

[Event "EU-chT (Women)"]
[Site "Debrecen"]
[Date "1992.??.??"]
[Round "2"]
[White "Lematschko, Tatjana"]
[Black "Paasikangas, Johanna"]
[Result "1-0"]
[WhiteElo "2305"]
[BlackElo "2170"]

1.Nf3 Nf6 2.c4 g6 3.g3 Bg7 4.Bg2 O-O 5.Nc3 c5 6.O-O Nc6 7.Rb1 b6 8.e3 d5
9.d3 d4 10.exd4 cxd4 11.Ne2 a5 12.b3 e5 13.a3 Qe7 14.Re1 Qd6 15.b4 axb4 16.axb4 Nd7
17.c5 Qc7 18.Nd2 Nf6 19.Nc4 Be6 20.Nxb6 Ra2 21.Bd2 Ne7 22.Nc1 Ra3 23.Bg5 Ned5
24.Bxf6 Nxf6 25.Qe2 Nd7 26.Qb2 Ra7 27.Nxd7 Qxd7 28.Nb3 Bf5 29.Qd2 Qb5 30.Red1 Re8
31.Na5 e4 32.dxe4 Bxe4 33.Bxe4 Rxe4 34.Qd3 Qe8 35.Nc4 Qe6 36.Nd2 Re2 37.Kf1 Re5
38.Ra1 Rxa1 39.Rxa1 Bf6 40.Kg1 h5 41.Nf3 Re4 42.h4 Kg7 43.Rc1 Qd5 44.Nd2 Re6
45.Nc4 Re4 46.Nd6 Re6 47.Nb5 Qe4 48.Qxe4 Rxe4 49.Nd6 Rg4 50.Ne8+  1-0

[Event "EU-chT (Men)"]
[Site "Debrecen"]
[Date "1992.??.??"]
[Round "3"]
[White "Bricard, Emmanuel"]
[Black "Zueger, Beat"]
[Result "1/2-1/2"]
[WhiteElo "2430"]
[BlackElo "2420"]

1.Nf3 Nf6 2.c4 g6 3.g3 Bg7 4.Bg2 O-O 5.O-O d6 6.Nc3 c6 7.d3 a5 8.Rb1 Re8
9.a3 e5 10.Bg5 h6 11.Bxf6 Bxf6 12.b4 axb4 13.axb4 d5 14.cxd5 cxd5 15.e4 dxe4
16.dxe4 Be6 17.b5 Nd7 18.Nd5 Nb6 19.Nxf6+ Qxf6 20.Qd6 Nc4 21.Qb4 Ra3 22.Nd2 Nxd2
23.Qxa3 Bc4 24.Rbd1 Bxf1 25.Bxf1 Rd8 26.Bg2 Nc4 27.Rxd8+ Qxd8 28.Qa1 b6 29.Bf1 Nd2
30.Qc3 Nxf1 31.Kxf1 Qd1+ 32.Kg2 Qd6 33.Qc6  1/2-1/2

[Event "EU-chT (Men)"]
[Site "Debrecen"]
[Date "1992.??.??"]
[Round "3"]
[White "Hickl, Joerg"]
[Black "Stefansson, Hannes"]
[Result "1/2-1/2"]
[WhiteElo "2515"]
[BlackElo "2455"]

1.Nf3 Nf6 2.g3 g6 3.Bg2 Bg7 4.c4 O-O 5.O-O c6 6.Qc2 d5 7.b3 e5 8.Nxe5 Ng4
9.d4 Nxe5 10.dxe5 Bxe5 11.Bb2 Bf5 12.Qd2 Bxb2 13.Qxb2 dxc4 14.bxc4 Qb6 15.Qc3 Re8
16.e4 Be6 17.Nd2 Qc5 18.e5 Nd7 19.Rfe1 Re7 20.Re3 Rd8 21.Rc1 Nb6 22.Ne4 Qd4
23.Nd6 Qxc3 24.Rexc3 Nc8 25.c5 Bxa2 26.f4 Be6 27.Rb1 Nxd6 28.cxd6 Red7 29.Kf2 Ra8
30.Ke3 f6 31.Ra3 Bf5 32.Rc1 Be6 33.Be4 a6 34.Ra4 Kf7 35.Kd4 Kg7 36.Ke3 Kf7
37.Ra5 Kg7 38.Ra4  1/2-1/2

[Event "EU-chT (Men)"]
[Site "Debrecen"]
[Date "1992.??.??"]
[Round "6"]
[White "Cvitan, Ognjen"]
[Black "Marin, Mihail"]
[Result "1/2-1/2"]
[WhiteElo "2505"]
[BlackElo "2525"]

1.Nf3 Nf6 2.c4 g6 3.g3 Bg7 4.Bg2 O-O 5.O-O c5 6.d4 d6 7.dxc5 dxc5 8.Ne5 Nfd7
9.Nd3 Nc6 10.Nc3 Nb6 11.Nxc5 Nxc4 12.Qa4 Nb6 13.Qh4 Qd4 14.N5e4 Bf5 15.Rd1 Qb4
16.a3 Qb3 17.Bh6 Bxe4  1/2-1/2

[Event "EU-chT (Women)"]
[Site "Debrecen"]
[Date "1992.??.??"]
[Round "7"]
[White "Dahl, Ingrid"]
[Black "Makropoulou, Marina"]
[Result "1/2-1/2"]
[WhiteElo "2130"]
[BlackElo "2285"]

1.Nf3 Nf6 2.c4 g6 3.g3 Bg7 4.Bg2 O-O 5.O-O d6 6.Nc3 Nc6 7.a3 e5 8.d3 a5 9.Rb1 h6
10.b4 axb4 11.axb4 Be6 12.Qb3 Qd7 13.Nd5 Kh7 14.b5 Na5 15.Nxf6+ Bxf6 16.Qb4 Bg7
17.Bb2 f5 18.Nd2 c5 19.Qc3 Ra7 20.Ra1 b6 21.Ra3 d5 22.Rfa1 dxc4 23.dxc4 e4
24.Qc2 Bxb2 25.Qxb2 Qg7 26.Qc2 Rd7 27.Rc3 Rxd2 28.Qxd2 Nb3 29.Rxb3 Qxa1+
30.Bf1 Bxc4 31.Rb2 Rf7 32.Qc2 Be6 33.e3 Rd7 34.Rb1 Qa2 35.Rb2 Qa5 36.Be2 Qe1+
37.Kg2 h5 38.h4 Qa5 39.Bc4 Bxc4 40.Qxc4 Qa8 41.Qe6 Qd8 42.Ra2 Rb7 43.Ra6 Qc7
44.Ra8  1/2-1/2

[Event "EU-chT (Men)"]
[Site "Debrecen"]
[Date "1992.??.??"]
[Round "7"]
[White "Skembris, Spyridon"]
[Black "Hracek, Zbynek"]
[Result "1/2-1/2"]
[WhiteElo "2530"]
[BlackElo "2460"]

1.Nf3 Nf6 2.c4 g6 3.g3 Bg7 4.Bg2 O-O 5.O-O d6 6.Nc3 Nc6 7.Rb1 e5 8.d3 Bd7
9.b4 Qc8 10.Bg5 Ne7 11.Qd2 Bh3 12.Rfc1 Bxg2 13.Kxg2 Qd7 14.e4 Nc6 15.Bxf6 Bxf6
16.Nd5 Bg7 17.b5 Nd8 18.Qg5 f6 19.Qh4 Ne6 20.Qh3 f5 21.Kg1 c6 22.bxc6 bxc6
23.Ne3 Qf7 24.exf5 gxf5 25.Rf1 Rae8 26.Rbd1 a5 27.Nc2 Rb8 28.Rb1 Rxb1 29.Rxb1 e4
30.Nfe1 exd3 31.Nxd3 Ng5 32.Qg2 Qxc4 33.Nce1 Qxa2 34.Rb6 c5 35.Qc6 Qe6 36.Qxd6 Qe4
37.h4 Nh3+ 38.Kh2 Nxf2 39.Nxf2 Qxe1 40.Qxc5 Qe5 41.Qxe5 Bxe5 42.Nd3 Bc3 43.Rc6 Bd2
44.Rc2 Be3 45.Kg2 Rd8 46.Nb2 Bd4 47.Kf3 Bxb2 48.Rxb2 Ra8 49.Kf4 a4 50.Kxf5 a3
51.Ra2 h5 52.Kg5 Ra5+ 53.Kg6 Kf8 54.Rf2+ Ke8 55.Re2+ Kd7 56.Rd2+ Ke7 57.Re2+ Kd6
58.Rd2+ Ke6 59.g4 hxg4 60.h5 Ra8 61.h6 Rg8+ 62.Kh5  1/2-1/2

[Event "EU-chT (Men)"]
[Site "Debrecen"]
[Date "1992.??.??"]
[Round "9"]
[White "Zueger, Beat"]
[Black "Urban, Klaudiusz"]
[Result "1/2-1/2"]
[WhiteElo "2420"]
[BlackElo "2465"]

1.Nf3 Nf6 2.c4 g6 3.g3 Bg7 4.Bg2 O-O 5.O-O d5 6.cxd5 Nxd5 7.Nc3 Nc6 8.d4 Nb6
9.e3 e5 10.d5 Na5 11.e4 c6 12.dxc6 Nxc6 13.Bg5 Qxd1 14.Rfxd1 h6 15.Be3 Bg4
16.h3 Bxf3 17.Bxf3 Nd4 18.Bxd4 exd4 19.Nd5 Nxd5  1/2-1/2

[Event "Dortmund op-A"]
[Site "Dortmund"]
[Date "1992.??.??"]
[Round "6"]
[White "Andersen, D."]
[Black "Trisic, Alexandar"]
[Result "1-0"]
[WhiteElo "2300"]
[BlackElo "2220"]

1.Nf3 Nf6 2.c4 g6 3.g3 Bg7 4.Bg2 O-O 5.O-O d6 6.d4 Nbd7 7.Qc2 c6 8.Rd1 Qc7
9.e4 e5 10.dxe5 dxe5 11.h3 Nc5 12.Nc3 a5 13.Be3 Ne6 14.c5 Nd7 15.Na4 h6 16.Qc4 Re8
17.Rac1 Kh7 18.Rc3 Rb8 19.Rcd3 Nf6 20.Nb6 Nf8 21.Rd6 Be6 22.Qa4 N8d7 23.Qxa5 Bf8
24.R6d3 Ra8 25.Qd2 Nxc5 26.Nxa8 Rxa8 27.Bxc5 Bxc5 28.Nh4 Rxa2 29.Qc1 Qb6
30.R1d2 Qa7 31.Kh2 Ra4 32.b3 Rb4 33.Re2 Qb6 34.Rf3 Kg7 35.Rxf6 Kxf6 36.Qxh6 Bd4
37.Nf5 Bxf5 38.exf5 Kxf5 39.h4 Kf6 40.f4 Ke7 41.fxe5 Rxb3 42.Qg5+ Kf8 43.e6 fxe6
44.Rxe6 Qc7 45.Rxg6 Bg7 46.Qf5+ Kg8 47.h5 Rb5 48.Qg4 Qe5 49.Bf3 Qf5 50.Rxg7+  1-0

[Event "Dortmund op-A"]
[Site "Dortmund"]
[Date "1992.??.??"]
[Round "6"]
[White "Stangl, Markus"]
[Black "Toth, Christian Endre"]
[Result "1-0"]
[WhiteElo "2465"]
[BlackElo "2350"]

1.Nf3 Nf6 2.c4 g6 3.g3 Bg7 4.Bg2 O-O 5.d4 d6 6.O-O Nbd7 7.Nc3 e5 8.h3 Re8
9.e4 exd4 10.Nxd4 a6 11.f4 Rb8 12.a4 Nc5 13.Re1 a5 14.Ndb5 Kh8 15.Ra2 Bd7
16.b3 Qc8 17.Kh2 Bxb5 18.axb5 b6 19.Re3 h5 20.Rf2 Nfd7 21.g4 hxg4 22.hxg4 Bxc3
23.Rxc3 g5 24.Rh3+ Kg8 25.Bb2 Kf8 26.fxg5 Ne5 27.g6 Nxg6 28.Rxf7+ Kxf7 29.Rh7+ Kg8
30.Rg7+ Kh8 31.Rxg6+ Re5 32.Bxe5+ dxe5 33.g5  1-0

[Event "Dortmund op-A"]
[Site "Dortmund"]
[Date "1992.??.??"]
[Round "10"]
[White "Kochyev, Alexander"]
[Black "Luecke, Norbert"]
[Result "1/2-1/2"]
[WhiteElo "2495"]
[BlackElo "2395"]

1.Nf3 Nf6 2.g3 g6 3.Bg2 Bg7 4.c4 O-O 5.d4 d5 6.cxd5 Nxd5 7.O-O Nb6 8.Nc3 Nc6
9.Bf4 Nxd4 10.Nxd4 e5 11.Nc6 Qxd1 12.Ne7+ Kh8 13.Rfxd1 exf4 14.Nxc8 Raxc8
15.Bxb7 Rcd8 16.Rac1 fxg3 17.hxg3 c5 18.Ba6 c4 19.Kg2 f5 20.e3 Bf6 21.Rc2 Rxd1
22.Nxd1 Rd8 23.Nc3 Rd7 24.Bb5 Rc7 25.a4 Rc5 26.Ne2 Be7 27.Nd4 Bf6 28.Ne6 Re5
29.Nf4 g5 30.Ne2 Rc5 31.b4 Rc7 32.Nc3 Bxc3 33.Rxc3 Kg7 34.a5 Nd5 35.Rxc4 Rxc4
36.Bxc4 Nxb4 37.f4 Kf6 38.Kf3 a6 39.g4 fxg4+  1/2-1/2

[Event "Dubai Asian Cities"]
[Site "Dubai"]
[Date "1992.??.??"]
[Round "9"]
[White "West, Guy"]
[Black "Ong Chong Ghee"]
[Result "1/2-1/2"]
[WhiteElo "2410"]
[BlackElo "2265"]

1.Nf3 Nf6 2.g3 g6 3.Bg2 Bg7 4.c4 O-O 5.Nc3 c6 6.d4 d5 7.cxd5 cxd5 8.Ne5 e6
9.O-O Nfd7 10.Nxd7 Bxd7 11.e3 Nc6 12.b3 Qe7 13.a4 a5 14.Ba3 Nb4 15.Qd2 Rfc8
16.Rfc1 Bf8 17.Bf1 Qd8 18.Na2 Nxa2 19.Rxc8 Rxc8 20.Bxf8 Qxf8 21.Rxa2 Qb4
22.Qxb4 axb4 23.Bd3 Rc3 24.Bc2 Kg7 25.Kf1 Kf6 26.Ke2 e5 27.dxe5+ Kxe5 28.Bd1 Bf5
29.a5 d4 30.Ra4 dxe3 31.Rxb4 exf2 32.Rb5+ Kd4 33.Kxf2 Be4 34.Rb4+ Ke5 35.Rb5+ Kd4
36.Rb4+ Ke5 37.Rb6 f5 38.h4 Bd5 39.b4 Ra3 40.Rb5 Kd4  1/2-1/2

[Event "Wch U18"]
[Site "Duisburg"]
[Date "1992.??.??"]
[Round "7"]
[White "Fancsy, Imre"]
[Black "Istratescu, Andrei"]
[Result "1/2-1/2"]
[WhiteElo "2335"]
[BlackElo "2450"]

1.Nf3 Nf6 2.c4 g6 3.g3 Bg7 4.Bg2 O-O 5.d4 Nc6 6.O-O a6 7.Nc3 Rb8 8.e4 d6
9.h3 b5 10.e5 dxe5 11.dxe5 Qxd1 12.Rxd1 Nd7 13.e6 fxe6 14.cxb5 axb5 15.Be3 Nb6
16.Ng5 Na5  1/2-1/2

[Event "Eger op"]
[Site "Eger"]
[Date "1992.??.??"]
[Round "?"]
[White "Seres, Lajos"]
[Black "Shnaider, David"]
[Result "1-0"]
[WhiteElo "2270"]
[BlackElo "2285"]

1.Nf3 Nf6 2.c4 g6 3.g3 Bg7 4.Bg2 O-O 5.O-O d6 6.d4 Nbd7 7.Nc3 e5 8.e4 h6
9.Rb1 exd4 10.Nxd4 Re8 11.h3 Nc5 12.Re1 a5 13.b3 Nfd7 14.Be3 Nf8 15.Qd2 Kh7
16.Rbd1 c6 17.Nde2 Nfe6 18.Qxd6 Qf6 19.Bxc5 Rd8 20.Qe7  1-0

[Event "Espoo op"]
[Site "Espoo"]
[Date "1992.??.??"]
[Round "?"]
[White "Hentunen, Asko"]
[Black "Malisauskas, Vidmantas"]
[Result "1/2-1/2"]
[WhiteElo "2275"]
[BlackElo "2490"]

1.c4 Nf6 2.Nf3 g6 3.g3 Bg7 4.Bg2 O-O 5.O-O d6 6.Nc3 c5 7.d3 Nc6 8.Bd2 Rb8
9.a3 a6 10.Rb1 b5 11.cxb5 axb5 12.b4 cxb4 13.axb4 d5 14.Bf4 Rb6 15.Qc1 Bb7
16.d4 Ne4 17.Rd1 e6 18.Rb3 Qe7 19.Qb2 Nd6 20.Bxd6 Qxd6 21.e3 Ne7 22.Ne2 Ra8
23.Ra1 Rba6 24.Rba3 Bf8 25.Rxa6 Rxa6 26.Rxa6 Qxa6 27.Ne5 Nf5 28.Nc3 Nd6 29.Nd3 Nc4
30.Qa2 Qxa2 31.Nxa2 Bc6 32.Kf1 f6 33.Ke2 Kf7 34.Kd1 Bd6 35.Kc2 h5 36.Kc3 h4
37.Nac1 g5 38.Bh3 f5 39.Ne2 hxg3 40.hxg3 Kf6 41.Bg2 Be8 42.Bf3 Bc7 43.Nc5 Nd6
44.Nd3 Ne4+ 45.Bxe4 dxe4 46.Nc5 Ke7 47.Kc2 Bc6 48.Nc3 Kd6 49.Kd2 Bd8 50.Kc2 Bf6
51.Kd2 e5 52.d5 Bxd5 53.Nxb5+ Kc6 54.Na7+ Kc7 55.Nb5+ Kc6  1/2-1/2

[Event "FIN-chT"]
[Site "FIN"]
[Date "1992.??.??"]
[Round "?"]
[White "Hakulinen, Esko Matti"]
[Black "Paavilainen, Jorma"]
[Result "1/2-1/2"]
[WhiteElo "2310"]
[BlackElo "2300"]

1.Nf3 Nf6 2.c4 g6 3.g3 Bg7 4.Bg2 O-O 5.O-O c6 6.d4 d5 7.Qb3 Nbd7 8.cxd5 cxd5
9.Nc3 e6 10.Bf4 Nb6 11.Rfd1 Bd7 12.Ne5 Qe7 13.a4 Bc6 14.a5 Nbd7 15.Rdc1 Nh5
16.Qa3 Qxa3 17.Rxa3 Nxf4 18.gxf4 Nxe5 19.fxe5 Rfc8 20.e3  1/2-1/2

[Event "FIN-chT"]
[Site "FIN"]
[Date "1992.??.??"]
[Round "?"]
[White "Hakulinen, Esko Matti"]
[Black "Ebeling, Mika"]
[Result "1/2-1/2"]
[WhiteElo "2310"]
[BlackElo "2345"]

1.Nf3 Nf6 2.c4 g6 3.g3 Bg7 4.Bg2 O-O 5.d4 d5 6.cxd5 Nxd5 7.O-O Nb6 8.Nc3 Nc6
9.e3 Re8 10.d5 Na5 11.Nd4 Bd7 12.a4 Rc8 13.Nb3 Nbc4 14.Nxa5 Nxa5 15.e4 c6
16.Rb1 cxd5 17.Nxd5 e6 18.Nc3 a6 19.h4 Bc6 20.Qe2 Nb3 21.Rd1 Nxc1 22.Rbxc1 Qa5
23.Qe3 h5 24.b3 Red8 25.Ne2 Rxd1+ 26.Rxd1 Rd8 27.Rxd8+ Qxd8 28.e5 Bxg2 29.Kxg2 Qd5+
30.Qf3 Bxe5 31.Qxd5 exd5 32.Nc1 f6 33.Nd3 Bd6 34.f4 Kf7 35.Kf3 Ke6 36.Ke3 a5
37.Kf3 Kf5 38.Nf2 Bc5 39.Nd3 Bd6 40.Nf2 Bc5 41.Nd3 Bd4 42.Nc1 b6 43.Nd3 Bc5
44.Ne1 Bd4  1/2-1/2

[Event "Forli op"]
[Site "Forli"]
[Date "1992.??.??"]
[Round "3"]
[White "Mednis, Edmar John"]
[Black "Mantovani, Renzo"]
[Result "1/2-1/2"]
[WhiteElo "2460"]
[BlackElo "2340"]

1.c4 Nf6 2.g3 g6 3.Bg2 Bg7 4.Nf3 O-O 5.O-O c5 6.d4 cxd4 7.Nxd4 Nc6 8.Nc3 Nxd4
9.Qxd4 d6 10.Qd3 Rb8 11.Bd2 Bd7 12.e4 a6 13.a4 b5 14.axb5 axb5 15.Nxb5 Ng4
16.Ba5 Qc8 17.Qe2 Ne5 18.Rfc1 Qb7 19.Bc3 Bxb5 20.cxb5 Qxb5 21.Qxb5 Rxb5 22.Ra7 Nd3
23.Rca1 Bxc3 24.bxc3 Rb2 25.Rxe7 Nxf2 26.Rd7 Ng4 27.Rxd6 Rc2 28.Rda6 Rxc3
29.Ra8 h5 30.Rxf8+ Kxf8 31.Re1 Ne5 32.Ra1 Kg7 33.Kf2 Rc2+ 34.Kg1 Rc3 35.Kf2 Rc2+
36.Kg1 Rc3  1/2-1/2

[Event "Forli op"]
[Site "Forli"]
[Date "1992.??.??"]
[Round "5"]
[White "Mednis, Edmar John"]
[Black "Wagman, Stuart"]
[Result "1-0"]
[WhiteElo "2460"]
[BlackElo "2215"]

1.c4 Nf6 2.g3 g6 3.Bg2 Bg7 4.Nf3 O-O 5.O-O d6 6.d4 Nc6 7.Nc3 a6 8.h3 Rb8
9.Be3 b5 10.Nd2 Bd7 11.Rc1 Na5 12.cxb5 axb5 13.b3 c6 14.Nf3 b4 15.Na4 Nd5
16.Bd2 f5 17.Qe1 f4 18.e4 fxe3 19.fxe3 Rb5 20.e4 Rxf3 21.Bxf3 Bxd4+ 22.Kh2 Nf6
23.Bxb4 c5 24.Bd2 Nc6 25.Nc3 Ne5 26.Nxb5 Bxb5 27.Bg5 Bxf1 28.Qxf1 Kg7 29.Qe2 Qa8
30.Bg2 h6 31.Bd2 Qxa2 32.Bxh6+  1-0

[Event "Forli op"]
[Site "Forli"]
[Date "1992.??.??"]
[Round "6"]
[White "Cvitan, Ognjen"]
[Black "Golod, Vitali"]
[Result "1/2-1/2"]
[WhiteElo "2550"]
[BlackElo "2410"]

1.Nf3 Nf6 2.c4 g6 3.g3 Bg7 4.Bg2 O-O 5.O-O d6 6.d4 Nbd7 7.Nc3 e5 8.e4 c6
9.h3 Qb6 10.Re1 Re8 11.d5 Nc5 12.Rb1 a5 13.Be3 cxd5 14.cxd5 Bd7 15.Nd2 Qa7
16.Nc4 Bf8 17.a4 Qa6 18.b3 b6 19.g4 b5 20.axb5 Bxb5 21.Nxb5 Qxb5 22.Bf1 Qb8
23.f3 Nfd7 24.Re2 Qc7  1/2-1/2

[Event "Forli op"]
[Site "Forli"]
[Date "1992.??.??"]
[Round "7"]
[White "Mednis, Edmar John"]
[Black "Fedorov, Vladislav"]
[Result "1-0"]
[WhiteElo "2460"]
[BlackElo "2405"]

1.c4 g6 2.g3 Bg7 3.Bg2 Nf6 4.Nf3 O-O 5.O-O d6 6.d4 Nc6 7.Nc3 a6 8.h3 Bd7
9.Be3 Rb8 10.b3 e6 11.Rc1 Ne7 12.Bg5 h6 13.Bxf6 Bxf6 14.e4 e5 15.Qd2 exd4
16.Nxd4 Bg7 17.Kh2 Nc6 18.Nde2 Kh7 19.f4 Kg8 20.Rcd1 Bc8 21.Nd5 b5 22.cxb5 axb5
23.Rc1 Bb7 24.Rc2 Ne7 25.Nxc7 Qd7 26.Rd1 Rfd8 27.Re1 Rbc8 28.Qd3 Bc6 29.Na6 Qa7
30.Nb4 Qb6 31.Nxc6 Rxc6 32.Rxc6 Nxc6 33.a4 bxa4 34.bxa4 Nb4 35.Qc4 Rb8 36.Rd1 Bf8
37.Nd4 Qa5 38.Rb1 Qxa4 39.Nc2 d5 40.exd5 Bd6 41.Nd4 Qa5 42.Rc1 Qa3 43.Rc3 Qb2
44.Rb3 Qd2 45.Nf3 Qf2 46.Ne5 Ra8 47.Ng4 Qd2 48.Nf6+ Kf8 49.Ne4 Qa2 50.Nxd6 Nc2
51.Rb8+ Ke7 52.Qc7+  1-0

[Event "Forli op"]
[Site "Forli"]
[Date "1992.??.??"]
[Round "9"]
[White "Mednis, Edmar John"]
[Black "Hodgson, Julian M"]
[Result "0-1"]
[WhiteElo "2460"]
[BlackElo "2535"]

1.c4 g6 2.g3 Bg7 3.Bg2 Nf6 4.Nf3 O-O 5.O-O d6 6.d4 Nc6 7.Nc3 a6 8.h3 Rb8
9.Be3 Bd7 10.b3 e6 11.Rc1 Ne7 12.Bg5 h6 13.Bxf6 Bxf6 14.e4 e5 15.Qd2 exd4
16.Nxd4 Bg7 17.Kh2 b5 18.cxb5 axb5 19.Nd5 c5 20.Ne2 Nxd5 21.Qxd5 Rb6 22.Rc2 Bc6
23.Qd2 Bb7 24.Nf4 b4 25.Nd5 Ra6 26.f4 Bxd5 27.Qxd5 Bd4 28.Re1 Ra7 29.Ree2 Re8
30.Bf3 Qf6 31.Kg2 Rae7 32.h4 Kg7 33.h5 g5 34.fxg5 hxg5 35.Qf5 Qh6 36.Bg4 Re6
37.Qf3 Rf6 38.Bf5 g4 39.Qxg4+ Kh8 40.Kh3 Rg8 41.Qf3 Rg5 42.g4 d5 43.Re1 Bc3
44.Rxc3 bxc3 45.Qxc3 d4 46.Qxc5 Rxh5+ 47.gxh5 Qxh5+ 48.Kg3 Rg6+ 49.Bxg6 Qxc5
50.Bf5 Qc3+ 51.Kf2 Qc2+ 52.Kg3 Qc3+ 53.Kf2 Qd2+ 54.Re2 Qf4+ 55.Kg2 d3 56.Rf2 Qg5+
57.Kf3 Qc1 58.Rh2+ Kg7 59.Rg2+ Kf6 60.Bg4 d2 61.Kg3 Ke5 62.Rf2 Qg1+ 63.Rg2 d1=Q
64.Bxd1 Qxd1  0-1

[Event "FRA-chT"]
[Site "?"]
[Date "1992.??.??"]
[Round "?"]
[White "Anic, Darko"]
[Black "Belkhodja, Slim"]
[Result "1-0"]
[WhiteElo "2405"]
[BlackElo "2395"]

1.Nf3 Nf6 2.c4 g6 3.g3 Bg7 4.Bg2 O-O 5.O-O d6 6.d4 Nbd7 7.Nc3 e5 8.e4 c6
9.h3 Qa5 10.Re1 exd4 11.Nxd4 Nc5 12.Bf1 Re8 13.Be3 Be6 14.Nxe6 Rxe6 15.f4 Ncd7
16.Bf2 Rae8 17.Qc2 Nh5 18.Rab1 Qc7 19.Bg2 Nc5 20.Na4 Qa5 21.Nxc5 dxc5 22.e5 f6
23.f5 Rxe5 24.Rxe5 fxe5 25.fxg6 e4 26.gxh7+ Kh8 27.Bxe4 Bd4 28.Rd1 Qd8 29.Kg2 Qg5
30.Rxd4 cxd4 31.Bxd4+ Ng7 32.Bg6 Re6 33.Bf5 Rd6 34.Bc3 c5 35.h4 Qd8 36.Qe2 Rd4
37.Bxd4 cxd4 38.Bd3 Qf6 39.Qg4 Qc6+ 40.Kh2  1-0

[Event "FRA-chT"]
[Site "?"]
[Date "1992.??.??"]
[Round "?"]
[White "Anic, Darko"]
[Black "Guidez, Yann Michel"]
[Result "0-1"]
[WhiteElo "2405"]
[BlackElo "2345"]

1.Nf3 Nf6 2.c4 g6 3.g3 Bg7 4.Bg2 O-O 5.O-O d6 6.d4 c5 7.Nc3 Nc6 8.d5 Na5
9.Nd2 e6 10.Qc2 Re8 11.a3 exd5 12.cxd5 c4 13.b4 cxb3 14.Nxb3 Bf5 15.Qd1 Rc8
16.Bd2 Nc4 17.Ra2 Nd7 18.e4 Nxd2 19.Nxd2 Rxc3 20.exf5 Nc5 21.fxg6 hxg6 22.Qg4 b5
23.h4 Qc8 24.Qb4 a6 25.Nf3 Rc4 26.Qb1 Qf5 27.Qd1 Qd3 28.Rd2 Qb3 29.Re2 Rf8
30.Qd2 Ne4 31.Qa5 Qa4 32.Qb6 Rc3 33.Kh2 Qc4 34.Rfe1 Qc5 35.Qxa6 Nxf2 36.Ng5 Be5
37.Nf3 Ng4+ 38.Kh3 Rxa3 39.Qc6 Qxc6 40.dxc6 f5 41.Rb1 g5 42.Rxb5 gxh4 43.Kxh4 Kg7
44.Nxe5 Nxe5 45.g4 Kf6  0-1

[Event "GER CupT"]
[Site "Germany"]
[Date "1992.??.??"]
[Round "?"]
[White "Vaganian, Rafael A"]
[Black "Wahls, Matthias"]
[Result "1/2-1/2"]
[WhiteElo "2590"]
[BlackElo "2570"]

1.Nf3 Nf6 2.c4 g6 3.g3 Bg7 4.Bg2 O-O 5.Nc3 d6 6.O-O Nc6 7.d3 h6 8.Rb1 a5
9.a3 e5 10.b4 axb4 11.axb4 Be6 12.b5 Ne7 13.Bb2 Qd7 14.Re1 Bh3 15.Bh1 Ng4
16.Qb3 Kh8 17.Nd5 Nxd5 18.cxd5 b6 19.Qc4 f5 20.Rec1 Rac8 21.Ra1 f4 22.Ra7 Rf7
23.Bg2 Bxg2 24.Kxg2 g5 25.Qc6 Qf5 26.Ra8 Rxa8 27.Qxa8+ Kh7 28.Qe8 Qd7 29.Qxd7 Rxd7
30.h4 Kg6 31.hxg5 hxg5 32.Rc4 Kh5 33.Bc1 Nf6 34.e4 fxe3 35.fxe3 g4 36.Nh2 Nxd5
37.Nxg4 Ne7 38.Nf2 d5 39.Rc2 Kg6 40.e4 Nc8 41.Rc6+ Kf7 42.Nh3 dxe4 43.Ng5+ Kg8
44.Re6 Nd6 45.dxe4 Nxb5 46.Re8+ Bf8 47.Rxe5 Nd6 48.Re6 Re7  1/2-1/2

[Event "GER CupT"]
[Site "Germany"]
[Date "1992.??.??"]
[Round "?"]
[White "Stangl, Markus"]
[Black "Zuse, Klaus Peter"]
[Result "1-0"]
[WhiteElo "2465"]
[BlackElo "2255"]

1.Nf3 Nf6 2.c4 g6 3.g3 Bg7 4.Bg2 O-O 5.d4 c6 6.Nc3 d5 7.Qb3 dxc4 8.Qxc4 b5
9.Qb3 Be6 10.Qc2 b4 11.Na4 Bd5 12.O-O Nbd7 13.Bd2 Rb8 14.Rfc1 Be4 15.Qb3 Nd5
16.Ne5 Nxe5 17.Bxe4 Nf6 18.Bg2 Qxd4 19.Be3 Qg4 20.Bxa7 Rb7 21.Bc5 Qxe2 22.Re1 Qh5
23.Rad1 Nd5 24.f4 Nd7 25.Bxd5 cxd5 26.Rxd5 Qh3 27.Bxb4 Nf6 28.Rd2 Ng4 29.Qc4 Rfb8
30.Bc3 e5 31.b3 exf4 32.Qxf4 Bh6 33.Qd4 f6 34.Rg2 Qh5 35.h4 Bf8 36.Re4 Rb4
37.Bxb4 Rxb4 38.Qd3 Ne5 39.Qd5+ Kh8 40.Qd8 Kg7 41.Rxb4 Bxb4 42.Rf2 Nf3+ 43.Kf1 Qb5+
44.Kg2 Ne1+ 45.Kg1 Qe5 46.Qd7+ Kh6 47.Qg4 Nd3 48.Re2 Qa1+ 49.Kg2 Bd6 50.Qe4 Ne5
51.Rd2 Bc7 52.Qf4+ Kg7 53.Qf1  1-0

[Event "BL2-S9192"]
[Site "Germany"]
[Date "1992.??.??"]
[Round "?"]
[White "Staiger, Frank"]
[Black "Pieper, Thomas"]
[Result "1/2-1/2"]
[WhiteElo "2285"]
[BlackElo "2210"]

1.c4 Nf6 2.Nf3 g6 3.g3 Bg7 4.Bg2 O-O 5.O-O d6 6.d4 a6 7.b3 c5 8.Bb2 Nc6 9.e3 Rb8
10.Nbd2 Bd7 11.Rc1 Nb4 12.Ra1 Nc6 13.Qe2 Na5 14.Rfd1 b5 15.dxc5 dxc5 16.Ne5 Be8
17.Rac1 Rb6 18.Qe1 b4 19.Ndf3 Rd6 20.Rxd6 exd6 21.Nd3 Bc6 22.Nd2 Re8 23.Qd1 Qa8
24.Bxc6 Qxc6 25.Nf4 Nd7 26.Bxg7 Kxg7 27.Nd5 Nb7 28.Nf3 a5 29.Rc2 a4 30.Qa1+ f6
31.Nd2 a3 32.Nf3 Nd8 33.Rd2 Nf7 34.Qd1 Re6 35.Nf4 Re4 36.Nd5 Re8 37.h3 Nde5
38.Nh2 Qd7 39.f4 Qxh3 40.fxe5 Nxe5 41.g4 h5 42.gxh5 Rh8 43.hxg6 Rh5 44.Rg2 Rf5
45.Qe2 Rg5 46.Qf2 Rxg2+ 47.Qxg2 Qxg2+ 48.Kxg2 Nd3 49.Kf1 Nc1 50.Ke1 Nxb3
51.Kd1 Na5 52.Kc2 Nxc4 53.Nf1 Na5 54.Nd2 Kxg6 55.Nb3 Nc6 56.Nd2 Na5 57.Nb3 Nc6
58.Kd3 Ne5+ 59.Kc2 Nc6  1/2-1/2

[Event "BL2-S9192"]
[Site "Germany"]
[Date "1992.??.??"]
[Round "?"]
[White "Mozny, Milos"]
[Black "Pfrommer, Christoph"]
[Result "1-0"]
[WhiteElo "2400"]
[BlackElo "2310"]

1.Nf3 Nf6 2.c4 g6 3.g3 Bg7 4.Bg2 O-O 5.d4 d6 6.O-O Nbd7 7.Nc3 e5 8.e4 c6
9.h3 Qa5 10.Be3 Nb6 11.Nd2 exd4 12.Bxd4 Be6 13.Qe2 c5 14.Be3 Qb4 15.a3 Qxb2
16.Rfc1 Nfd7 17.Rab1 Qxa3 18.Nb5 Qa4 19.Nxd6 Rab8 20.f4 f6 21.f5 Bf7 22.Ra1 Qc6
23.Nxf7 Rxf7 24.e5 Qc7 25.e6 Re7 26.exd7 Qxg3 27.Nf1 Qc7 28.Rxa7 Qxd7 29.Rb1 Nc8
30.Raxb7 Rxb7 31.Rxb7 Qxf5 32.Bd5+ Kh8 33.Rxe7 Nxe7 34.Bxc5 Qg5+ 35.Kh1 Nxd5
36.Qe8+  1-0

[Event "Gistrup"]
[Site "Gistrup"]
[Date "1992.??.??"]
[Round "5"]
[White "Konopka, Michal"]
[Black "Zezulkin, Jurij"]
[Result "1/2-1/2"]
[WhiteElo "2360"]
[BlackElo "2440"]

1.Nf3 Nf6 2.c4 g6 3.g3 Bg7 4.Bg2 O-O 5.O-O d5 6.d4 dxc4 7.Na3 c3 8.bxc3 c5
9.e3 Nc6 10.Qe2 Qa5 11.Bb2 Nd5 12.Rfc1 Bg4 13.h3 Bxf3 14.Bxf3 Nb6 15.Nc4 Nxc4
16.Qxc4 Rac8 17.Qb3 Qc7 18.Ba3  1/2-1/2

[Event "GER-ch qual"]
[Site "Gladenbach"]
[Date "1992.??.??"]
[Round "4"]
[White "Mandl, Robert"]
[Black "Kindl, Peter"]
[Result "1/2-1/2"]
[WhiteElo "2405"]
[BlackElo "2305"]

1.c4 Nf6 2.Nf3 g6 3.g3 Bg7 4.Bg2 O-O 5.O-O d5 6.d4 Nc6 7.cxd5 Nxd5 8.Nc3 Nb6
9.d5 Na5 10.e4 c6 11.Re1  1/2-1/2